000 00325 a2200109 4500
001 ART_8506
005 20260410161834.0
008 260409a
245 1 0 _aActualidad financiera y cambiaria
100 1 _aSun, Ramón F.
773 0 _tContabilidad y administración
_g- Año 3, Nº 28 (oct. 1979)
_wREV5485
999 _c23458
_d23458